Une lettre suffit pour répondre juste #68 (attention 10 lettres tuent) - Statistiques

Statistiques générales
  • Ce quiz a été pris 43 fois
  • Le résultat moyen est 4 sur 6
Statistiques - réponses
MHint Réponse % Correct
Donne une des 5 lettres de l'anglicisme qui désigne une farce, une plaisanterie, un canular (tour joué à quelqu'un, action destinée à faire rire aux dépens de quelqu'un : un _ _ _ _ _ PRANK
100%
Donne une des 4 lettres d'un mot qui est à la fois : - une automobile, de la gamme dite compacte, de la marque allemande Volkswagen - un sport de précision se jouant en plein air et qui consiste à placer une balle dans un trou à l'aide de clubs GOLF
97%
Donne une des 3 lettres du mot qui désigne la boisson issue de l'extraction ou du pressage du liquide naturel contenu dans les fruits et légumes JUS
89%
Donne une des 2 lettres qui complète le nom du roi de France et de Navarre de 1589 à 1610 : Henri _ _ IV
76%
Donne la lettre qui complète le nom de cette série TV en extrait : ?-Files : Aux frontières du réel
X
68%
Donne la lettre à laquelle commence le nom de 2 des 3 villes les plus peuplées du département de l'Oise en 2022 C (Compiègne et Creil)
13%
Aucun quiz correspondant
Distribution des résultats
% des personnes avec chaque résultat
Percentile par nombre de réponses
Votre historique - résultats
Vous n’avez pas pris ce quiz